000 00230nam a2200097Ia 4500
008 190216s9999||||xx |||||||||||||| ||und||
100 _aKurup K K N
245 0 _aCristeliyan Anthasraviyam
260 _bBhasha Institute
942 _cBK
999 _c38806
_d38806